Family health.

Bibliographic Details
New Title:Health (Family Media, Inc.)
Previous Title:Today's health
Format: Journal
Language:English
Published: [New York] : [Family Communications], 1969-1981.
Subjects:
Online Availability: Check for online availability

MARC

Tag First Indicator Second Indicator Subfields
LEADER 00000cas a2200000 a 4500
001 in00000081263
005 20151008061013.0
008 750824d19691981nyumx1p 0uuua0eng d
010 |a  70012659  
022 0 |a 0014-7249 
035 |a (OCoLC)01568783 
035 |9 AAJ7083AM 
037 |b Family Health, 149 Fifth Ave., New York, NY 10010 
040 |a MUL  |c MUL  |d FUL  |d NLM  |d NSD  |d DLC  |d NSD  |d OCL  |d NSD  |d DLC  |d NST  |d DLC  |d NST  |d TXA  |d UtOrBLW 
042 |a nsdp  |a lc 
049 |a TXAE 
050 0 0 |a RA773  |b .F17 
222 0 |a Family health 
245 0 0 |a Family health. 
264 1 |a [New York] :  |b [Family Communications],  |c 1969-1981. 
300 |a 13 volumes :  |b illustrations ;  |c 28 cm. 
336 |a text  |b txt  |2 rdacontent 
337 |a unmediated  |b n  |2 rdamedia 
338 |a volume  |b nc  |2 rdacarrier 
362 0 |a Vol. 1 (Oct. 1969)-v. 13, no. 6 (June 1981) 
650 0 |a Health  |v Periodicals. 
650 0 |a Hygiene  |v Periodicals. 
780 0 5 |t Today's health  |x 0040-8514  |g Apr. 1976 
785 0 0 |t Health (Family Media, Inc.)  |w (OCoLC)7580247  |x 0279-3547  |g July/Aug. 1981 
999 |a MARS 
999 f f |s 64a7ac47-8fba-346c-83f9-90a980a0d0e7  |i 32cda17e-ea93-38ce-8843-f6ea8da93fdf  |t 0 
952 f f |p ric  |a Texas A&M University  |b Rellis Campus  |c Joint Library Facility  |d Remote Storage  |t 0  |e RA773 .F17  |h Library of Congress classification  |i unmediated -- volume  |k v.7:no.3-5,7-10,12  |l 1975:Mar.-May,July-Oct.,Dec.  |m A14841564418 
952 f f |p ric  |a Texas A&M University  |b Rellis Campus  |c Joint Library Facility  |d Remote Storage  |t 0  |e RA773 .F17  |h Library of Congress classification  |i unmediated -- volume  |k v.4  |l 1972  |m A14841563755 
952 f f |p ric  |a Texas A&M University  |b Rellis Campus  |c Joint Library Facility  |d Remote Storage  |t 0  |e RA773 .F17  |h Library of Congress classification  |i unmediated -- volume  |k v.8:no.1,4-7,10-11  |l 1976:Jan.,Apr.-July,Oct.-Nov.  |m A14841564379 
952 f f |p ric  |a Texas A&M University  |b Rellis Campus  |c Joint Library Facility  |d Remote Storage  |t 0  |e RA773 .F17  |h Library of Congress classification  |i unmediated -- volume  |k v.3:no.1-5,7-12  |l 1971:Jan.-May,July-Dec.  |m A14841563797 
952 f f |p ric  |a Texas A&M University  |b Rellis Campus  |c Joint Library Facility  |d Remote Storage  |t 0  |e RA773 .F17  |h Library of Congress classification  |i unmediated -- volume  |k v.5:no.1,4  |l 1973:Jan.,Apr.  |m A14841563713 
952 f f |p ric  |a Texas A&M University  |b Rellis Campus  |c Joint Library Facility  |d Remote Storage  |t 0  |e RA773 .F17  |h Library of Congress classification  |i unmediated -- volume  |k v.6:no.3-6,12  |l 1974:Mar.-June,Dec.  |m A14841564426 
998 f f |a RA773 .F17  |s v.8:no.1,4-7,10-11 (1976:Jan.,Apr.-July,Oct.-Nov.)  |t 0  |l Remote Storage